Municipalities of Hubei Province - Statistics

General Stats
  • This quiz has been taken 149 times
  • The average score is 10 of 17
Answers on the Map
Answers color-coded by a green-red scale on the quiz's map according to % correct below.
 
Answer Stats
Answer % Correct
Wuhan 武汉
100%
Xiangyang 襄阳
78%
Yichang 宜昌
74%
Ezhou 鄂州
70%
Jingzhou 荆州
67%
Enshi Tujia and Miao 恩施土家族苗族
63%
Shiyan 十堰
63%
Huanggang 黄冈
56%
Huangshi 黄石
56%
Jingmen 荆门
56%
Suizhou 随州
56%
Xiaogan 孝感
52%
Shennongjia 神农架
48%
Xianning 咸宁
48%
Xiantao 仙桃
48%
Qianjiang 潜江
44%
Tianmen 天门
44%
No matching quizzes found
Score Distribution
Percent of People with Each Score
Percentile by Number Answered
Your Score History
You have not taken this quiz